| 000 | 00762cam a22002413a 4500 | ||
|---|---|---|---|
| 001 | 15531 | ||
| 003 | PGUSA | ||
| 005 | 20140828083330.0 | ||
| 008 | 050403s2005||||xxu|||||s|||||000 p eng d | ||
| 040 |
_aPGUSA _beng |
||
| 042 | _adc | ||
| 050 | 4 | _aPL | |
| 100 | 1 |
_aBalagtas, Francisco, _d1788-1862 |
|
| 245 | 1 | 0 |
_aFlorante : _bVersión castellana del poema tagalo con un ensayo crítico _h[electronic resource] / _cFrancisco Balagtas |
| 260 |
_bProject Gutenberg, _c2005 |
||
| 506 | _aPublic domain in the USA. | ||
| 516 | _aElectronic text | ||
| 653 | _aTagalog poetry -- Translations into Spanish | ||
| 700 | 1 |
_aDe los Santos, Epifanio, _d1871-1928 |
|
| 830 | 0 |
_aProject Gutenberg _v15531 |
|
| 856 | 4 | 0 | _uhttp://www.gutenberg.org/ebooks/15531 |
| 942 | _cEB | ||
| 999 |
_c244786 _d244786 |
||